The world as a total system

সংরক্ষণ করুন:
গ্রন্থ-পঞ্জীর বিবরন
প্রধান লেখক: Boulding, Kenneth E.
বিন্যাস: গ্রন্থ
ভাষা:Undetermined
প্রকাশিত: London Sage Publications 1985
বিষয়গুলি:
ট্যাগগুলো: ট্যাগ যুক্ত করুন
কোনো ট্যাগ নেই, প্রথমজন হিসাবে ট্যাগ করুন!
Thư viện lưu trữ: Trung tâm Học liệu Trường Đại học Cần Thơ
LEADER 00479nam a2200181Ia 4500
001 CTU_81418
008 210402s9999 xx 000 0 und d
082 |a 909 
082 |b B756 
100 |a Boulding, Kenneth E. 
245 4 |a The world as a total system 
245 0 |c Kenneth E. Boulding 
260 |a London 
260 |b Sage Publications 
260 |c 1985 
650 |a Civilization 
904 |i Trọng Hải 
980 |a Trung tâm Học liệu Trường Đại học Cần Thơ